000
00341pam a2200157a 44500
008
230515b2010 xxu||||| |||| 00| 0 eng d
020
_a
9788131205358
041
_a
ENGLISH
082
_a
0
100
_a
HAN / KAMBER
245
_a
DATA MINING
250
_a
0
260
_a
NEW DELHI
_b
ELSEVIER
_c
2010
300
_a
770P
650
_a
NULL
999
_c
598782
_d
598782